AH International Schools' Libraries

Naya Nuki, Girl Who Ran / (Record no. 49891)

MARC details
000 -LEADER
fixed length control field 00994nam a2200253 4500
020 ## - INTERNATIONAL STANDARD BOOK NUMBER
International Standard Book Number 0801088690
020 ## - INTERNATIONAL STANDARD BOOK NUMBER
International Standard Book Number 0801088682
Qualifying information pbk.
020 ## - INTERNATIONAL STANDARD BOOK NUMBER
International Standard Book Number 9780801088698
020 ## - INTERNATIONAL STANDARD BOOK NUMBER
International Standard Book Number 9780801088681
Qualifying information (pbk.)
035 ## - SYSTEM CONTROL NUMBER
System control number 4720618
100 1# - MAIN ENTRY--PERSONAL NAME
Personal name Thomasma, Kenneth,
Relator term author.
245 10 - TITLE STATEMENT
Title Naya Nuki, Girl Who Ran /
Statement of responsibility, etc Kenneth Thomasma ; Eunice Hundley, illustrator.
260 ## - PUBLICATION, DISTRIBUTION, ETC. (IMPRINT)
Place of publication, distribution, etc Grand Rapids, Mich. :
Name of publisher, distributor, etc Baker Book House,
Date of publication, distribution, etc c1983.
300 ## - PHYSICAL DESCRIPTION
Extent 131 p. :
Other physical details ill. ;
Dimensions 21 cm.
490 ## - SERIES STATEMENT
Series statement Voyager series
520 ## - SUMMARY, ETC.
Summary, etc After being taken prisoner by an enemy tribe, a Shoshoni girl escapes and makes a thousand-mile journey through the wilderness in search of her own people.
650 ## - SUBJECT ADDED ENTRY--TOPICAL TERM
Topical term or geographic name as entry element Children's stories, American.
650 #0 - SUBJECT ADDED ENTRY--TOPICAL TERM
Topical term or geographic name as entry element Shoshoni girls
General subdivision Juvenile fiction.
9 (RLIN) 15021
650 ## - SUBJECT ADDED ENTRY--TOPICAL TERM
Topical term or geographic name as entry element Indians of North America
General subdivision Juvenile fiction.
650 ## - SUBJECT ADDED ENTRY--TOPICAL TERM
Topical term or geographic name as entry element Indians of North America
General subdivision Fiction.
700 ## - ADDED ENTRY--PERSONAL NAME
Personal name Hundley, Eunice,
Relator term ill.
9 (RLIN) 87008
906 ## - LOCAL DATA ELEMENT F, LDF (RLIN)
a 7
b cbc
c orignew
d 3
e ncip
f 19
g y-gencatlg
942 ## - ADDED ENTRY ELEMENTS (KOHA)
Source of classification or shelving scheme
Koha item type Book
Holdings
Withdrawn status Lost status Source of classification or shelving scheme Damaged status Not for loan Home library Current library Date acquired Total Checkouts Full call number Barcode Date last seen Price effective from Koha item type
          Logos International School Logos International School 12/09/2025   Y FIC THO 100144 12/09/2025 12/09/2025 Book

For any Logos Library related questions please contact Miss Art at swongnarasuk@asianhope.org.

For any Asian Hope Library related questions please contact Miss Raza at graza@asianhope.org.

Powered by Koha